000 00628nam a2200241 4500
001 2053
010 _a9789895814220
021 _aPT
_b541516/24
090 _a2053
100 _a20260212d2025 em|y0pory50030103ba
101 _apor
102 _aPT
200 _aO hospital de alfaces
_fPedro Chagas Freitas
205 _a1ª edição
210 _aAlfragide
_cOficina do Livro
_d2025
215 _a236 p.
_d24 cm
300 _aBMB-Registado
606 _9776
_aLiteratura Portuguesa
606 _9779
_aRomance
675 _a821.134.3-31
_vBMB
_zpor
700 _aFreitas
_bPedro Chagas
_f1979
_91547
801 _aPT
_bBMB
_gRPC
990 _cLIVROS